000 00611nam a2200181Ia 4500
008 100921s9999 xx 000 0 und d
082 _b38615
_a915 न 04
100 _aमोकाशी दि.बा.
245 _aपालखी.
260 _bमौज प्रकाशन,मुंबई.
_c2004
300 _a138
_bशब्द प्रकाशन, सातारा
365 _b100
520 _aप्रवास-स्थल वर्णन.
630 _aपालखी.
650 _aप्रवास-स्थल वर्णन.
730 _aपालखी.
942 _cBOOK
999 _c787728
_d787725